The unquenchable flame ; the life of Philip II /

Bibliographic Details
Main Author: Wilbur, Marguerite Eyer, 1889-
Format: Book
Language:English
Published: New York : Hastings House, [1952]
Subjects:

MARC

Tag First Indicator Second Indicator Subfields
LEADER 00000cam a2200000 4500
001 in00000035489
005 20151007060818.0
008 750609s1952 nyu 00000beng u
010 |a  52011806  
035 |a (OCoLC)01379457 
035 |9 AAD0253AM 
040 |c BUF  |d TXA  |d UtOrBLW 
049 |a TXAM  |c 1 [250892]  |c 2 [424398] 
050 0 0 |a DP178  |b .W5 
082 0 |a 923.146 
092 |a 813  |b W666u 
100 1 |a Wilbur, Marguerite Eyer,  |d 1889- 
245 1 4 |a The unquenchable flame ;  |b the life of Philip II /  |c by Marguerite Eyer Wilbur. 
264 1 |a New York :  |b Hastings House,  |c [1952] 
264 4 |c ©1952 
300 |a 342 pages ;  |c 24 cm. 
336 |a text  |b txt  |2 rdacontent 
337 |a unmediated  |b n  |2 rdamedia 
338 |a volume  |b nc  |2 rdacarrier 
600 0 0 |a Philip  |b II,  |c King of Spain,  |d 1527-1598. 
999 |a MARS 
999 f f |s 55542343-8832-3323-b583-cd246e001c47  |i 33f8874a-0827-3044-b92c-1a67dd6f3a7c  |t 0 
952 f f |p ric  |a Texas A&M University  |b Rellis Campus  |c Joint Library Facility  |s JLF  |d Remote Storage  |t 0  |e DP178 .W5  |h Library of Congress classification  |i unmediated -- volume  |m A14801255079 
998 f f |a DP178 .W5  |t 0  |l Remote Storage